Pays ou les francais émigrent le plus - Statistiques

Statistiques générales
  • Ce quiz a été pris 146 fois
  • Le résultat moyen est 9 sur 10
Statistiques - réponses
Place Nombre d'émigrés Pays % Correct
7 82 000 Espagne
98%
2 145 000 Etats-Unis
98%
10 33 000 Italie
96%
6 96 000 Allemagne
95%
3 142 000 Royaume-Uni
94%
4 112 000 Belgique
93%
5 108 000 Canada
91%
1 174 000 Suisse
89%
9 53 000 Maroc
77%
8 58 000 Israel
27%
Aucun quiz correspondant
Distribution des résultats
% des personnes avec chaque résultat
Percentile par nombre de réponses
Votre historique - résultats
Vous n’avez pas pris ce quiz